000
00323nam a2200145Ia 4500
100
_a
Unterweiser P. M. ed
942
_c
RB
654
_a
Heat Treaters
245
_a
Heat Treaters Guide
260
_b
American Society for metals
_a
Ohio
_c
1987
082
_a
672.3
_b
Asm
300
_a
493
546
_a
ENGLISH
999
_c
26003
_d
26003